Sustainability Assessment and the Importance of Environmental Indexes for Companies Operating in Slovakia

Salvato in:
Dettagli Bibliografici
Autore principale: Lešková, Radka, 1996-
Natura: Capitolo di libro
Lingua:inglese
Soggetti:
Tags: Aggiungi Tag
Nessun Tag, puoi essere il primo ad aggiungerne!!

MARC

LEADER 00000naa a2200000 4500
001 0305529
005 20241210100634.3
041 0 |a eng 
044 |a GR 
245 1 0 |a Sustainability Assessment and the Importance of Environmental Indexes for Companies Operating in Slovakia  |c Radka Lešková 
610 2 0 |a Slovensko 
610 2 0 |a indexy 
610 2 0 |a ESG 
610 2 0 |a udržateľnosť 
610 2 0 |a firmy 
610 2 0 |a podnik 
100 1 |a Lešková, Radka, 1996-